01640nam a2200337 c 450000100060000000300100000600500170001600700030003300800410003602000180007704000350009504100080013008200200013810000410015824501170019925000220031626400380033830000420037633600270041833700330044533800280047850000660050652004040057252100680097658600970104465000190114165000210116065000410118165000530122270000270127559562CO-BoRNBP20251022202055.0ta231017s2021 ck a|||ar6||| 00| 1 spa d a9789584893895 aCO-BoRNBPbspaerdacCO-BoRNBP0 aspa04a599.5bM85v222 aMuñoz Toro, Juliana,d1988- ,eaut13aEl vuelo de las jorobadas /cJuliana Muñoz Toro ; ilustraciones de Dipacho ; edición de Paula Guerra Arjona. aPrimera edición 1aBogotá, Colombia :bLazo,c2021 a24 páginas :bilustraciones a color atextobtxt2rdacontent asin mediaciónbn2rdamedia avolumenbnc2rdacarrier aDipacho es el seudónimo del autor Diego Francisco Sánchez3 aEste libro es perfecto para un amante de los viajes, el mar y los animales. Los 8000 km que recorren las ballenas de la Antártida al Pacífico colombiano están resumidos en este libro que contiene ilustraciones, mapas, infografías y datos fascinantes sobre la vida de las ballenas jorobadas y su ruta migratoria a Colombia. ¡Un viaje ilustrado para enamorarse de estas gigantes del océano! aRecomendado para un público infantil a partir de los 6 años aPremio los mejores libros para niños y jóvenes 2021 del banco del libro (IBBV Venezuela)07aBallenas2lemb07aCetáceos2lemb07aLibros ilustrados para niños2LEMB07aMamíferos marinosxComunicación animal2lemb aDipacho,d1984- ,eill